000 01611cam a2200361 i 4500
001 14202282
003 EG-ScBUE
005 20260119094155.0
008 051216s2007 njuab f b 001 0 eng d
020 _a047177636X (cloth)
020 _a9780471776369 (hbk.)
035 _a(OCoLC)ocm62728602
035 _a(OCoLC)62728602
040 _aDLC
_beng
_erda
_cDLC
_dBAKER
_dUKM
_dBTCTA
_dC#P
_dYDX
_dYDXCP
_dAGL
_dDLC
_dEG-ScBUE
082 0 4 _a551.49015118
_222
_bHIL
100 1 _aHill, Mary C.
_q(Mary Cassandra)
_eauthor.
245 1 0 _aEffective groundwater model calibration :
_bwith analysis of data, sensitivities, predictions, and uncertainty /
_cMary C. Hill, Claire R. Tiedeman.
264 1 _aHoboken, N.J. :
_bWiley-Interscience,
_c2007.
300 _axviii, 455 pages :
_billustrations, maps ;
_c24 cm
336 _2rdacontent
_atext
_btxt
337 _aunmediated
_2rdamedia
_bn
338 _avolume
_bnc
_2rdacarrier
504 _aIncludes bibliographical references and index.
650 7 _aGroundwater
_xMathematical models.
_2BUEsh
650 7 _aHydrologic models.
_2BUEsh
655 _vReading book
700 1 _aTiedeman, Claire R.,
_eauthor.
856 4 1 _3Table of contents only
_uhttp://www.loc.gov/catdir/toc/ecip065/2005036657.html
856 4 2 _3Contributor biographical information
_uhttp://www.loc.gov/catdir/enhancements/fy0740/2005036657-b.html
856 4 2 _3Publisher description
_uhttp://www.loc.gov/catdir/enhancements/fy0740/2005036657-d.html
942 _2ddc
_cBB
999 _c10648
_d10648